A légiáru szállítás, raktározás és továbbítás folyamatai kiemelve a növekvő e-kereskedelmet a Çelebi Ground Handling Kft. szolgáltatásain keresztül a Liszt Ferenc Nemzetközi Repülőtéren

Bibliográfiai részletek
Szerző: Doszpod Ferenc
További közreműködők: Domboróczky Dr. Zoltán
Dokumentumtípus: Projektmunka
Kulcsszavak:légiközlekedés
logisztika
logisztikai rendszer
logisztikai szolgáltatások
raktározás
Online Access:http://dolgozattar.uni-bge.hu/60152

MARC

LEADER 00000nnm a2200000 i 4500
001 dolg60152
005 20260409150046.0
008 260409suuuu hu o 000 hun d
040 |a BGE Dolgozattár Repozitórium  |b hun 
041 |a hu 
100 1 |a Doszpod Ferenc 
245 1 2 |a A légiáru szállítás, raktározás és továbbítás folyamatai kiemelve a növekvő e-kereskedelmet a Çelebi Ground Handling Kft. szolgáltatásain keresztül a Liszt Ferenc Nemzetközi Repülőtéren  |c Doszpod Ferenc  |h [elektronikus dokumentum] 
516 |a Project_work 
520 3 |a A légiáru szállítás, raktározás és továbbítás folyamatai kiemelve a növekvő e-kereskedelmet a Çelebi Ground Handling Kft. szolgáltatásain keresztül a Liszt Ferenc Nemzetközi RepülőtérenAz e-kereskedelmi áruszállítás, raktározás és továbbítás egyre nagyobb jelentőséggel bír a globális logisztikai folyamatokban, különösen a Kínából érkező termékek esetében. A Budapest Liszt Ferenc Nemzetközi Repülőtér és a Çelebi Ground Handling Hungary Kft. az áruk kezelésében betöltött szerepe révén fontos csomóponttá vált a közép-európai régióban. A dolgozat célja a légi árufuvarozás és az e-kereskedelem összefüggéseinek feltárása, különös tekintettel a logisztikai kihívásokra, a technológiai innovációkra és a fenntarthatósági szempontokra. A kutatás primer és szekunder módszereken alapul: interjúk készültek a Çelebi vezetőivel és munkatársaival, valamint szakirodalmi és iparági jelentések elemzése révén átfogó képet alkottam a témáról. Az elemzés vizsgálja az ellátási láncok működését, az áruk kezelésének folyamatait, valamint a technológiai fejlesztések, például az automatizált raktározási rendszerek és digitális vámkezelési eljárások hatását a légi áruszállításra. Az eredmények azt mutatják, hogy Budapest repülőtere meghatározó szerepet tölt be az e-kereskedelmi áruforgalom kezelésében, amit az automatizált logisztikai rendszerek, az intelligens raktári infrastruktúra és a fenntarthatósági törekvések támogatnak. A dolgozat rámutat a digitalizáció és a multimodális szállítási megoldások fontosságára, amelyek lehetővé teszik Budapest hosszú távú versenyképességének növelését a nemzetközi árufuvarozásban. 
695 |a légiközlekedés 
695 |a logisztika 
695 |a logisztikai rendszer 
695 |a logisztikai szolgáltatások 
695 |a raktározás 
700 1 |a Domboróczky Dr. Zoltán  |e ths 
856 4 0 |u http://dolgozattar.uni-bge.hu/60152/1/Doszpod%20Ferenc%20projektmunka.pdf  |z Dokumentum-elérés 
856 4 0 |u http://dolgozattar.uni-bge.hu/60152/2/Doszpod_Ferenc_KM%20FOSZK%20b%C3%ADr%C3%A1lati%20lap.pdf  |z Dokumentum-elérés